000 00321pab a2200145 454500
008 180718b2004 xxu||||| |||| 00| 0 eng d
100 _aSharma, I. Mallikarjuna
245 _aRight to strike
260 _c2004
300 _ap.11-18.
362 _a13 Mar
650 _aStrikes
773 _aMainstream
909 _a59809
999 _c59809
_d59809